"H" Antonyms - Statistics

General Stats
  • This quiz has been taken 150 times
  • The average score is 15 of 20
Answer Stats
Word H Antonyms % Correct
She He
100%
Cold Hot / Heat
99%
Injure Heal
98%
Low High / Happy
98%
Wife Husband / Hubby
98%
Heaven Hell
97%
Love Hate / Hatred
96%
Soft Hard
90%
Sick Healthy / Healed
90%
Rooster Hen
89%
Tail Head
80%
Small Huge
79%
Coward Hero
77%
Despair Hope
73%
Light Heavy / Hefty
70%
Deception Honesty
39%
Fire Hire
37%
Full Hungry / Hollow
36%
Dangerous Harmless
23%
Mild Harsh
18%
No matching quizzes found
Score Distribution
Percent of People with Each Score
Percentile by Number Answered
Your Score History
You have not taken this quiz